000 00361nam a2200145 i 4500
001 bg
100 1 _aWINOGRADOW, Ju. W.
245 0 _aOsnowy elektronnoj i poluprowadnikowoj techniki /
_cJu.W. Winogradow.
250 _aWyd.2 uzup.
260 _aMoskwa,
_c1972.
040 _cBPK
041 _apol
942 _cKS
008 s pl f |000 0 pol
999 _c14892
_d14892
856 _uhttp://koha.tu.koszalin.pl/cgi-bin/koha/opac-detail.pl?biblionumber=14892
_yKatalog online BPK